000 00925nam a2200229 a 4500
001 53361
003 BD-RjUL
005 20211209075941.0
008 161016s1965 enka 001 0 ben d
020 _c: IRs. 12.50
035 _a(BD-RjUL)53481
040 _aITD
_cITD
_dWSU
_dUKM
_dCGU
_dCStRLIN
_dBD-RjUL
_bben
041 _aben
082 0 4 _a891.44209
_223
_bNAT 1965
245 _aনাট্য চিন্তা /
_cসুত্রধার সম্পাদিত
260 _aকলিকাতা :
_bজাতীয় সাহিত্য পরিষদ,
_c১৯৬৫ (১৩৭২)
300 _a৩১৮ পৃ. :
_bচিত্র ;
_c২৩ সেমি.
650 _aবাংলা নাটক
_vইতিহাস ও সমালোচনা
_9123606
650 _aBengali drama
_vHistory and Criticism
_9117436
700 _aসুত্রধার সম্পাদক
_9159917
942 _2ddc
_cBK
999 _c53361
_d53361